00743cam a22002177a 4500003000500000005001700005008004100022010000800063011000900071035000800080040000900088100003100097245016800128260004000296300001100336502008100347650001700428650003100445650002700476650002200503CHAP20220329132927.0971013s1989 r 00010 d a342 a1314 a490 cCHAP00aZepeta Sánchez, Alfredo. 0aEstudio de asignación óptima de insumos en dos aserraderos del área de influencia de la unidad de administración forestal No. 4 "Mascota" Estado de Jalisco aChapingo, Méx. :bEl autor,c1989 a107 h. aTesis (Ing. Agr. Esp. en Bosques) -- UACH. División de Ciencias Forestales14aAserraderos.14aBosquesxAdministración.14aBosquesxExtracción.14aBosquesxJalisco.